Katarína a iné poviedky

Bibliographic Details
Main Author: Dostojevskij, Fiodor Michajlovič, 1821-1881 (Author)
Other Authors: Mikulášová-Škridlová, Viera, 1924-2014 (Translator)
Format: Book
Language:Slovak
Russian
PhysicalDescription:155 s. 19 cm
Published: Bratislava Kunder c1997
ISBN:8085725053
Subjects:

MARC

LEADER 00000nam a2200000 a 4500
001 vtls001326863
003 SK-MaSNL
005 20260301235611.0
008 220512s1997 xo ra 0000f slo
015 |a SNBA1998/09-03001 
020 |a 8085725053 
035 |a SNK000279647 
035 |a urn:nbn:sk:snk-amjc9d 
035 |a urn:nbn:sk:snk-am003poa 
035 |a 4B686A47-5132-4154-B129-FEBE75D1E911 
040 |a SNK  |b slo  |a SNK  |e AACR2  |c SNK 
041 1 |a slo  |h rus 
044 |a xo  |c SK 
080 |a 882-3  |2 1981 
100 1 |a Dostojevskij, Fiodor Michajlovič,  |d 1821-1881  |4 aut  |9 53880 
240 1 0 |a Sobranije sočinenij v desjati tomach, tom 1., 4., 10.  |l Slovensky 
245 1 0 |a Katarína a iné poviedky  |c F.M. Dostojevskij ; [z ruského originálu preložila Viera Mikulášová-Škridlová] 
260 |a Bratislava  |b Kunder  |c c1997 
300 |a 155 s.  |c 19 cm 
650 0 7 |a literatúra ruská  |x poviedky psychologické  |2 SNK  |9 633070 
650 0 7 |a poviedky psychologické  |x literatúra ruská  |2 SNK  |9 633071 
655 7 |a ruské poviedky  |2 SNK  |9 84555 
700 1 |a Mikulášová-Škridlová, Viera,  |d 1924-2014  |4 trl  |9 122362 
919 |a 80-85725-05-3 
954 |a beletria cudzojazyčná (svetová)  |2 lita 
958 |a OND 
958 |a UP 
958 |a LX 
968 |b RUS 
999 |c 975786  |d 977716 
952 |t P60, <03>, [BOOK], {603}  |a SNK  |b SNK  |y PREZ  |7 0  |p 17A0130642  |o snkSD 69387  |i snkKSP 3786/98  |0 0  |1 0  |4 0  |d 1998-04-06  |l 0  |r 2005-01-02 00:00:00  |w 2026-02-24 
952 |t P60, <04>, [BOOK], {604}  |a SNK  |b SNK  |y VYP  |7 0  |p 17A0130643  |o snkSD 69387 D1  |i snkKSP 3787/98  |0 0  |1 0  |4 0  |d 1998-04-06  |l 0  |r 2005-01-02 00:00:00  |w 2026-02-24